| 000 | 00956nas a2200313 4500 | ||
|---|---|---|---|
| 001 | BR2017000133 | ||
| 003 | BR-BrBNA | ||
| 005 | 20231205130818.0 | ||
| 007 | ta | ||
| 008 | 230509b bl.|||p| |||| 00| 00por d | ||
| 040 |
_aBR-BrBNA _bpor _cBiblioteca Nacional de Agricultura |
||
| 041 | _a(En) | ||
| 072 | _aH60 | ||
| 100 | 1 | _aSilva, A.F.M. | |
| 100 | 1 | _aAlbrecht, A.J.P. | |
| 100 | 1 | _aAlbrecht, L.P. | |
| 100 | 1 | _aVictoria Filho, R. | |
| 100 | 1 | _aGiovanelli, B.F. | |
| 245 | 1 | _aApplication of postr-emergence als inhibitor herbicides associated or not to glyphosate in RR/STS Soybean | |
| 650 | _aSOJA | ||
| 650 | _aERVA DANINHA | ||
| 650 | _aHERBICIDA | ||
| 650 | _aPÓS-EMERGÊNCIA | ||
| 650 | _aCONTROLE QUÍMICO | ||
| 650 | _aRESISTÊNCIA A PRODUTOS QUÍMICOS | ||
| 773 | 0 |
_tPlanta Daninha (Brazil) _xISSN 0100-8358 _g(2016), v. 34(4) p. 765-775 _wBR2017000133 |
|
| 909 |
_a202311 _bLúcia _c55 _dLúcia Elande |
||
| 942 |
_2AGRIS _n0 _cANA |
||
| 999 |
_c251402 _d251402 |
||